| 000 | 00000nam##2200000za#4500 |
| 001 | 9.696132 |
| 003 | CaOODSP |
| 005 | 20210624234908 |
| 007 | cr ||||||||||| |
| 008 | 150407|2006||||xxc|||||o f|0| 0 eng|d |
| 040 | |aCaOODSP|beng |
| 043 | |an-cn--- |
| 086 | 1 |aH34-153/15-2006E-PDF |
| 110 | 1 |aCanada. |bHealth Canada. |bFirst Nations and Inuit Health Branch. |
| 245 | 10|aItalian style meat balls / |h[electronic resource]|cadapted and reprinted with permission from The Basic Shelf Cookbook. |
| 260 | |aOttawa - Ontario : |bHealth Canada. |cc2007. |
| 300 | |a2p.|bcoloured illus. |
| 500 | |aIncorrect catalogue number (H34-153/2007E) and ISBN (978-0-662-44708-5) printed in this electronic publication. |
| 590 | |a12-22-Supp|b2012-05-24 |
| 690 | 07|aCooking|2gcpds |
| 775 | 08|tBoulettes de viande à l'italienne / |w(CaOODSP)9.640252 |
| 856 | 40|ahttp://publications.gc.ca|qPDF|s153 KB|uhttps://publications.gc.ca/collections/collection_2012/sc-hc/H34-153-15-2006-eng.pdf |